000 00451nam a2200181Ia 4500
001 17742
005 20260306171539.0
008 260306s9999||||xx |||||||||||||| ||und||
041 _aESP
082 _a658.15
_bT83
100 _aTrujillo Navarrete, Jorge,
_eAUT
245 0 _aFinanzas empresariales :
_banálisis y gestión
260 _c2020
300 _a424 páginas :
_c28 cm.
650 _aGEN
654 _aCAN
942 _cLIB
_dJUS
_fJUS
_2ddc
_n
999 _c17742
_d17742